An investigation into irony as a stylistic device used in “pride and prejudice” by jane austen and “lá ngọc cành vàng” by nguyễn công hoan /
The purpose of the study is to find out the linguistic features in expressions relating to rhetoric irony in the two classical literature works "Pride and Prejudice" by Jane Austen and “Lá Ngọc Cành Vàng” by Nguyễn Công Hoan, from that, we find out the similarities, differences as well as...
保存先:
| 第一著者: | |
|---|---|
| フォーマット: | 図書 |
| 言語: | English |
| 出版事項: |
ĐHNN,
2016.
|
| 主題: | |
| タグ: |
タグ追加
タグなし, このレコードへの初めてのタグを付けませんか!
|
| Thư viện lưu trữ: | Mạng thư viện Đại học Đà Nẵng |
|---|
| LEADER | 03750nam a22003971a 4500 | ||
|---|---|---|---|
| 001 | 000041153 | ||
| 003 | 17449 | ||
| 005 | 20240619150823.0 | ||
| 008 | 170303s2016 vm 000 eng | ||
| 040 | |a LNN | ||
| 041 | |a eng | ||
| 082 | |a 495.928 |b LÊ-C | ||
| 100 | |a Lê,Thị Bích Chi | ||
| 245 | 3 | |a An investigation into irony as a stylistic device used in “pride and prejudice” by jane austen and “lá ngọc cành vàng” by nguyễn công hoan / |c Lê Thị Bích Chi. | |
| 260 | |a ĐHNN, |c 2016. | ||
| 300 | |a 76tr . : ill ; 30cm. | ||
| 520 | |a The purpose of the study is to find out the linguistic features in expressions relating to rhetoric irony in the two classical literature works "Pride and Prejudice" by Jane Austen and “Lá Ngọc Cành Vàng” by Nguyễn Công Hoan, from that, we find out the similarities, differences as well as difficulties that English learners might encounter. We analyze the implications behind the character’s language surface, by basing on the structure, semantic and pragmatic features. In which the structural features are characterized by analyzing the structural layers both in English and Vietnamese. Semantics and Pragmatics have an extremely close relation, considering that, those are analyzed with the interface of meaning and context. The new findings of the study is hoped to help the language learners with some improvements in understanding English language, typically in understanding irony as a stylistics device expressed in both English and Vietnamese language. | ||
| 650 | |a stylistic device, lá ngọc cành vàng, pride and prejudice, nguyễn công hoan, jane austen. | ||
| 653 | |a lá ngọc cành vàng | ||
| 653 | |a pride and prejudice | ||
| 653 | |a nguyễn công hoan | ||
| 653 | |a jane austen. | ||
| OWN | |a LNN | ||
| AVA | |a UDN50 |b LNN |c English |d 495.928 LÊ-C |e available |t Error 5001 Not defined in file expand_doc_bib_avail. |f 1 |g 0 |h N |i 0 |j AN |k 1 | ||
| Z40 | 3 | |y AN INVESTIGATION INTO IRONY AS A STYLISTIC DEVICE USED IN “PRIDE AND PREJUDICE” BY JANE AUSTEN A |l Library of UFL |t VIEW |x http://catalog.udn.vn:80/F?func=service&doc_library=UDN01&local_base=UDN01&doc_number=000041153&sequence=000001&line_number=0001&func_code=DB_RECORDS&service_type=MEDIA |f TOMTAT_000007895.pdf |e pdf |s 000531810 |k 20200913 |m NTMTHI | |
| Z40 | 3 | |y AN INVESTIGATION INTO IRONY AS A STYLISTIC DEVICE USED IN “PRIDE AND PREJUDICE” BY JANE AUSTEN A |l Library of UFL |t VIEW |x http://catalog.udn.vn:80/F?func=service&doc_library=UDN01&local_base=UDN01&doc_number=000041153&sequence=000002&line_number=0002&func_code=DB_RECORDS&service_type=MEDIA |f LUANVAN_000007897.pdf |e pdf |s 004335283 |k 20200913 |m NTMTHI | |
| 999 | |a From the UDN01 | ||
| AVA | |a UDN50 |b LNN |c English |d 495.928 LÊ-C |e available |t Error 5001 Not defined in file expand_doc_bib_avail. |f 1 |g 0 |h N |i 0 |j AN |k 1 | ||
| TYP | |a Monograph | ||
| TYP | |a Printed language | ||
| 856 | |y AN INVESTIGATION INTO IRONY AS A STYLISTIC DEVICE USED IN “PRIDE AND PREJUDICE” BY JANE AUSTEN A |l Library of UFL |t VIEW |x http://catalog.udn.vn:80/F?func=service&doc_library=UDN01&local_base=UDN01&doc_number=000041153&sequence=000001&line_number=0001&func_code=DB_RECORDS&service_type=MEDIA |f TOMTAT_000007895.pdf |e pdf |s 000531810 |k 20200913 |m NTMTHI | ||
| 856 | |y AN INVESTIGATION INTO IRONY AS A STYLISTIC DEVICE USED IN “PRIDE AND PREJUDICE” BY JANE AUSTEN A |l Library of UFL |t VIEW |x http://catalog.udn.vn:80/F?func=service&doc_library=UDN01&local_base=UDN01&doc_number=000041153&sequence=000002&line_number=0002&func_code=DB_RECORDS&service_type=MEDIA |f LUANVAN_000007897.pdf |e pdf |s 004335283 |k 20200913 |m NTMTHI | ||
| 980 | |a Mạng thư viện Đại học Đà Nẵng | ||